Project Hail Mary - Book Quiz - Statistics

General Stats
  • This quiz has been taken 369 times
    308 since last reset
  • The average score is 12 of 16
Answer Stats
Hint Answer % Correct
Name of main alien Rocky
99%
Name of main character Grace
97%
Above answer job Teacher
95%
Name of main "villain/problem" Astrophage
86%
What type of above answer Science
86%
How many people of initial crew survived 1
81%
Above answer species Eridians
81%
How many people in initial crew 3
80%
Above answer primary sense Sound/Hearing
79%
Who named above answer Rocky
73%
Name of above homeworld Tau Ceti/Adrian
70%
What is main alien's building material xenon/xenonite
68%
What kills main alien's crew radiation
67%
Name of main project coordinator Eva Stratt
56%
Above answer method of travel Light
54%
Name of main solution Taumoeba
50%
No matching quizzes found
Score Distribution
Percent of People with Each Score
Percentile by Number Answered
Your Score History
You have not taken this quiz since the last reset